| 000 | 00766 a2200241 4500 | ||
|---|---|---|---|
| 003 | OSt | ||
| 005 | 20180116192327.0 | ||
| 008 | 120516t xxu||||| |||| 00| 0 eng d | ||
| 010 | _a 59016495 | ||
| 020 | _a9780262680028 | ||
| 035 | _a(OCoLC)1574808 | ||
| 040 | _c0 | ||
| 082 | _a720 | ||
| 100 | 1 |
_aRasmussen, Steen Eiler, _91391 |
|
| 245 | 1 | 0 |
_aExperiencing architecture. _b[Translation from Danish by Eve Wendt. |
| 250 | _a1st United States ed. | ||
| 260 |
_aCambridge, Mass. _bTechnology Press of Massachusetts Institute of Technology _c[1959] |
||
| 300 |
_a251 p. _billus. _c24 cm. |
||
| 500 | _aIncludes index | ||
| 650 | 0 |
_aArchitecture. _91392 |
|
| 942 |
_aSADA _cBK _k720 RAS 1959 _2ddc |
||
| 999 |
_c352241 _d352241 |
||